Stadtgespräch. (Titelsatznr. 80183)
[ MARC ]
| 000 -Satzkennung | |
|---|---|
| Kontrollfeld mit fester Länge | 00656nam a2200217 4500 |
| 001 - Kontrollnummer | |
| Kontrollfeld | 19985 |
| 003 - Kontrollnummer Identifier | |
| Kontrollfeld | OSt |
| 005 - Datum und Zeit der letzten Transaktion | |
| Kontrollfeld | 20240423140143.0 |
| 007 - Feld mit fester Länge zur physischen Beschreibung - Allgemeine Information | |
| Kontrollfeld mit fester Länge | tu |
| 008 - Feld mit fester Länge zur physischen Beschreibung - Allgemeine Angaben | |
| Kontrollfeld mit fester Länge | 190729|||||||||||| ger |
| 040 ## - Katalogisierungsquelle | |
| Original-Katalogisierungsstelle | DE-2950 |
| Übertragungsstelle | DE-2950 |
| 110 2# - Haupteintragung - Körperschaftsname | |
| Körperschafts- oder Gebietskörperschaftsname als Eintragungselement | Wohnungswirtschaft Frankfurt (Oder) |
| 245 00 - Titel | |
| Titel | Stadtgespräch. |
| Zusatz zum Titel | Zeitung für Frankfurt |
| Verfasserangabe etc. | Wohnungswirtschaft Frankfurt (Oder) |
| 247 ## - Früherer Titel | |
| Titel | Mein Frankfurt. Mein Zuhause. [bis 2017] |
| Zusatz zum Titel | Zeitung der WOWI für ihre Mieter und alle Frankfurter |
| 264 ## - Produktion, Veröffentlichung, Distribution, Herstellung und Urheberrechtsvermerk | |
| Herstellungs-, Veröffentlichungs- Vertriebs-, Erzeugungsort | Frankfurt (Oder) |
| 365 ## - Handelspreis | |
| Währungscode | € |
| 515 ## - Fußnote zu Besonderheiten der Zählung | |
| Fußnote zu Besonderheiten der Zählung | quartalsweise |
| 546 ## - Fußnote zur Sprache | |
| Sprache | deutsch |
| 942 ## - Zusätzliche Felder (Koha) | |
| Klassifikation oder Aufstellungssystematik | Andere/Generische Klassifikation |
| Koha-Medientyp | Zeitschriften |
| Ausgeschieden | Verloren | Klassifikation oder Aufstellungssystematik | Beschädigt | Nicht entleihbar | Heimatbibliothek | Aufenthaltsbibliothek | Erwerbungsdatum | Kodierter Standort-Qualifier | Anzahl Ausleihen | Signatur | Letzte Aktivität | Preis gültig von | Koha-Medientyp |
|---|---|---|---|---|---|---|---|---|---|---|---|---|---|
| Andere/Generische Klassifikation | Stadtarchiv Frankfurt (Oder) | Archivbibliothek | Stadtarchiv Frankfurt (Oder) | Archivbibliothek | 25/11/2020 | M | V: 184 | 25/11/2020 | 25/11/2020 | Zeitschriften |